Pays avec la lettre P - Statistiques

Statistiques générales
  • Ce quiz a été pris 983 fois
  • Le résultat moyen est 13 sur 25
Statistiques - réponses
Réponses % Correct
Portugal
91%
Pologne
84%
Pérou
80%
Paraguay
78%
Pakistan
76%
Panama
74%
Philippines
69%
Papouasie-Nouvelle-Guinée
67%
Palaos
62%
Pays-Bas
60%
République démocratique du Congo
51%
Espagne
49%
République du Congo
49%
République tchèque
48%
Japon
47%
République dominicaine
45%
Égypte
40%
République centrafricaine
40%
Cap-Vert
37%
Népal
34%
Éthiopie
30%
Saint-Christophe-et-Niévès
30%
Sao Tomé-et-Principe
30%
Singapour
30%
Chypre
29%
Aucun quiz correspondant
Distribution des résultats
% des personnes avec chaque résultat
Percentile par nombre de réponses
Votre historique - résultats
Vous n’avez pas pris ce quiz